000 00462nam a2200181Ia 4500
005 20250108235009.0
008 240331s9999 xx 000 0 und d
020 _a09506823
082 _bTAM
_a948
100 _aTambimuttu, P
245 0 _aEurope and the dravidians
260 _aColombo
_bH.I. Govt, Flats
_c1994
300 _aiii, 68 p ., (2nd copy)
650 _aAncient Languages
650 _aIndian Culture
650 _aEuropean Culture
942 _cL
999 _c4390
_d4390